01231nam a2200325 a 450000100060000000300080000600500170001400800410003103500160007203500340008804000220012204100080014408200200015210000330017224500980020525000130030326000500031630000470036649000430041350000450045650001580050150400410065960000310070065000290073165000220076083000070078270000370078970000400082683000390086620440BD-RjUL20211209000551.0140301r19661959enkafch 001 0 eng d aoxf98200996 a(OCoLC)586264a(BD-RjUL)20502 aHEIbengcBD-RjUL aeng04a827.5bSWD 19661 aSwift, Jonathan,d1667-1745.14aThe Drapier's letters and other works, 1724-1725 /cJonathan Swift ; edited by Herbert Davis. aRev. ed. aOxford :bBlackwell,c1959 [ Reprinted 1966]. axxxi, 222 p. :bfacsims., ports. ;c20 cm.1 aProse writings of Jonathan Swift ;v10 aWith facsimiles of original title pages. aAppendices: A. Articles attributed to Swift.- B. Addresses against Wood's patent.- C. Reports on Wood's Coinage and the Proclamation against the drapier. aIncludes bibliographical references.10aWood, William,d1671-1730. 0aMoneyzIrelandxHistory. 0aCoinagezIreland. 0v101 aDavis, Herbert John,d1893-1967.1 aWilliams, Harold,cSir,d1880-1964. 0aProse writings of Jonathan Swift ;